| 000 | 00940nam a2200229 i 4500 | ||
|---|---|---|---|
| 001 | 156154 | ||
| 003 | ES-MaACL | ||
| 005 | 20251017063108.0 | ||
| 008 | 020418s1887 sp |||| | spa d | ||
| 040 |
_aCAM _bspa _cCAM |
||
| 100 | 1 |
_aJackson Cortés, Eduardo, _d1826-1890 _9128236 |
|
| 245 | 1 | 3 |
_aUn torero de gracia _b: juguete cómico-lírico en un acto / _clibro de los señores Jackson; música de Rubio y Espino. |
| 260 |
_aMadrid : _b[s.n.], _c1887 ( _fImprenta de M.P. Montoya) |
||
| 300 |
_a24 p. ; _c20 cm. |
||
| 500 | _aRepresentado en el Teatro de Variedades el 2 de abril de 1887. | ||
| 596 | _aEn verso de la port. consta: "... Biblioteca Lírico Dramática de Enrique Arregui ..." | ||
| 700 | 2 | 1 |
_aJackson Veyán, José. _965824 |
| 700 | 0 |
_aRubio, Angel. _9100337 |
|
| 700 | 1 |
_aEspino, Casimiro. _9126964 |
|
| 852 |
_aES-MaACL _jF-4677 _z-- Enc. hol. _z-- Enc. en un vol. facticio |
||
| 999 |
_c156154 _d156154 |
||